Real estate principles / (Record no. 3698)

MARC details
000 -LEADER
fixed length control field 00603cam a22002052 4500
001 - CONTROL NUMBER
control field 0000013257
005 - DATE AND TIME OF LATEST TRANSACTION
control field 20151217145901.0
008 - FIXED-LENGTH DATA ELEMENTS--GENERAL INFORMATION
fixed length control field 090720s xx 000 0 eng d
020 ## - INTERNATIONAL STANDARD BOOK NUMBER
International Standard Book Number 1439045917 :
040 ## - CATALOGING SOURCE
Original cataloging agency KABU
Transcribing agency KABU
100 1# - MAIN ENTRY--PERSONAL NAME
Personal name Jacobus, Charles J.
-- 0000157651
245 10 - TITLE STATEMENT
Title Real estate principles /
Statement of responsibility, etc. Charles J. Jacobus.
250 ## - EDITION STATEMENT
Edition statement 11th ed.
260 ## - PUBLICATION, DISTRIBUTION, ETC. (IMPRINT)
Place of publication, distribution, etc. Mason, Ohio :
Name of publisher, distributor, etc. South-Western,
Date of publication, distribution, etc. 2010.
300 ## - PHYSICAL DESCRIPTION
Extent xxx, 545 p.
650 #0 - SUBJECT ADDED ENTRY--TOPICAL TERM
Topical term or geographic name as entry element Real estate
Geographic subdivision United States.
-- 0000157652
852 1# - LOCATION
-- p4498.75 KES
908 ## - PUT COMMAND PARAMETER (RLIN)
Put command parameter 090720
950 ## - LOCAL HOLDINGS (RLIN)
-- 1
Holdings
Withdrawn status Lost status Source of classification or shelving scheme Not for loan Home library Current library Date acquired Total Checkouts Total Renewals Full call number Barcode Date last seen Date last checked out Price effective from Koha item type
    Library of Congress Classification   Kabarak, Main Campus Kabarak, Main Campus 17/12/2015 4 1 HD1394 .U6J33 2010 c. 1 17686 02/08/2024 17/08/2023 17/12/2015 General Collection
Designed with assistance from East African Informatics Ltd